000 00206nam a22000857a 4500
008 161116b xxu||||| |||| 00| 0 eng d
100 _91238
_aBPI India
245 _aAtmaram
260 _aNew delhi
_bBPI India
_c2011
999 _c3943
_d3943